| 000 | 00910nam a2200253 a 4500 | ||
|---|---|---|---|
| 005 | 20240925063828.0 | ||
| 008 | 131121s2012 mx r 000 0 spa d | ||
| 020 | _a9789582010652 | ||
| 035 | _aUPN01000194200 | ||
| 049 | _aCG | ||
| 050 | 4 |
_aQA241 _bD3.6 |
|
| 100 | 1 |
_aD'Amore, Bruno, _d1946- _934756 |
|
| 245 | 1 | 3 |
_aEl número cero : _baspectos históricos, epistemológicos, filosóficos, conceptuales y didácticos del número más misterioso / _cBruno D'Amore, Martha Isabel Fandiño Pinilla ; tr. Patricia Marisel Konic. |
| 260 |
_aBogotá : _bMagisterio, _c2012. |
||
| 300 |
_a143 p. : _bil. |
||
| 440 | 0 | _aDidácticas | |
| 650 | 4 |
_aNUMEROS, TEORIA DE LOS _915099 |
|
| 650 | 4 |
_aNUMEROS NATURALES _96888 |
|
| 650 | 2 |
_aMatemáticas _xFilosofía _914449 |
|
| 650 | 4 |
_aMATEMATICAS - _xHISTORIA _916762 |
|
| 700 | 1 |
_aFandiño Pinilla, Martha Isabel, _ecoaut. _934161 |
|
| 905 | _aLibro | ||
| 999 |
_c166301 _d166301 |
||